<?xml version="1.0" encoding="UTF-8"?>
<collection xmlns="http://www.loc.gov/MARC21/slim">
 <record>
  <leader>01643nam a2200217Ia 4500</leader>
  <controlfield tag="001">CTU_98893</controlfield>
  <controlfield tag="008">210402s9999    xx            000 0 und d</controlfield>
  <datafield tag="082" ind1=" " ind2=" ">
   <subfield code="a">909.82</subfield>
  </datafield>
  <datafield tag="082" ind1=" " ind2=" ">
   <subfield code="b">O.36</subfield>
  </datafield>
  <datafield tag="100" ind1=" " ind2=" ">
   <subfield code="a">Ohmae, Kenichi</subfield>
  </datafield>
  <datafield tag="245" ind1=" " ind2="4">
   <subfield code="a">The end of the nation state :</subfield>
  </datafield>
  <datafield tag="245" ind1=" " ind2="4">
   <subfield code="b">The rise of regional economies</subfield>
  </datafield>
  <datafield tag="245" ind1=" " ind2="0">
   <subfield code="c">Kenichi Ohmae</subfield>
  </datafield>
  <datafield tag="260" ind1=" " ind2=" ">
   <subfield code="a">New York</subfield>
  </datafield>
  <datafield tag="260" ind1=" " ind2=" ">
   <subfield code="b">The Free Press</subfield>
  </datafield>
  <datafield tag="260" ind1=" " ind2=" ">
   <subfield code="c">1995</subfield>
  </datafield>
  <datafield tag="520" ind1=" " ind2=" ">
   <subfield code="a">Nations are becoming obsolete from an economic standpoint, declares Tokyo-based business consultant Ohmae (The Borderless World). He argues that the traditional nation-state, now beholden to domestic special interests, its government &quot;an enemy of the public at large,&quot; has become an inefficient, even impossible, business unit in the new global economy. Instead of a world order based on discrete, independent nations, Ohmae envisions autonomous networks of what he calls &quot;region states&quot;?geographically linked economic zones that forge productive ties with the global marketplace by putting the right policies, information technology and infrastructure in place. Examples of emerging region states cited here are San Diego/Tijuana; Hong Kong and southern China; and northern Italy and the Rhine-Alps region of France. Although Ohmae overstates his case, his challenging primer gives managers, economists, politicians and policymakers new ways to think about global economic problems and opportunities.</subfield>
  </datafield>
  <datafield tag="650" ind1=" " ind2=" ">
   <subfield code="a">World politics,Democracy,National state,Quốc gia,Dân chủ,Chính trị thế giới</subfield>
  </datafield>
  <datafield tag="650" ind1=" " ind2=" ">
   <subfield code="y">1989-,1989-</subfield>
  </datafield>
  <datafield tag="904" ind1=" " ind2=" ">
   <subfield code="i">Tuyến</subfield>
  </datafield>
  <datafield tag="980" ind1=" " ind2=" ">
   <subfield code="a">Trung tâm Học liệu Trường Đại học Cần Thơ</subfield>
  </datafield>
 </record>
</collection>
